00406nam a22001097a 4500082001300000100002700013245012900040260004100169300002000210563000900230856005700239 a340bHAY aHayat, Muhammad Faisal aCritically Analyzing the Effectiveness of Arbitration as a Dispute Resolution Mechanism in Pakistan /cMuhammad Faisal Hayat aIslamabad :bNUST Law School,c2025. a30 p. ;c30 CM. aHBK. uhttp://10.250.8.41:8080/xmlui/handle/123456789/56161